000 01431nam a2200325 i 4500
001 27194
003 ES-MaACL
005 20230906153557.0
007 t|
008 030113s1947 sp ||||1| spa d
100 1 _aAyala, Angel.
_924105
245 1 0 _aObras completas /
_cde Angel Ayala.
260 _aMadrid :
_bBiblioteca de Autores Cristianos,
_c1947 (
_fSèz)
300 _a2 v. ;
_c20 cm.
505 8 _aContiene: T. I: Formación de Selectos. Educación de la libertad. Consejos a los jóvenes. Consejos a las jóvenes. El estado docente liberal. -- T. II: Ignacianas. Diferencia entre el estado seglar y el religioso. Exámenes prácticos para los días de retiro. Dirección de jóvenes. Congregaciones marianas. La elección de estado en los colegios religiosos. Exámen de conciencia. Los jesuitas
740 0 _aFormación de selectos.
740 0 _aEducación de la libertad.
740 1 _aConsejos a los jóvenes.
740 0 _aConsejos a las jóvenes.
740 3 _aEl estado docente liberal.
740 1 _aIgnacianas.
740 1 _aDiferencias entre el estado seglar y religioso.
740 1 _aExámenes prácticos para los días de retiro.
740 1 _aDirección de jóvenes.
740 1 _aCongregaciones marianas.
740 3 _aLa elección de estado en los colegios religiosos.
740 1 _aExámen de conciencia.
740 4 _aLos jesuítas.
852 _aES-MaACL
_jC-5596-97
_bR.25995
999 _c27194
_d27194